|
|
|
|
| LEADER |
00000nam0a2200000 4500 |
| 001 |
140699 |
| 005 |
20231031142132.0 |
| 010 |
|
|
|a 9785382008288
|
| 035 |
|
|
|a (RuTPU)RU\TPU\book\152432
|
| 090 |
|
|
|a 140699
|
| 100 |
|
|
|a 20080704d2008 m y0rusy50 ca
|
| 101 |
1 |
|
|a rus
|c eng
|
| 102 |
|
|
|a RU
|
| 105 |
|
|
|a a j 001zy
|
| 200 |
1 |
|
|a Теория игр
|e [учебное пособие]
|e пер. с англ.
|f Г. Оуэн
|
| 205 |
|
|
|a 4-е изд.
|
| 210 |
|
|
|a Москва
|c Изд-во ЛКИ
|d 2008
|
| 215 |
|
|
|a 216 с.
|c ил.
|
| 320 |
|
|
|a Литература: с. 220-225.
|
| 330 |
|
|
|a Предлагаемое издание представляет собой краткое и сравнительно элементарное учебное пособие, пригодное как для первоначального, так и для углубленного изучения теории игр. Для его чтения достаточно знания элементов математического анализа и теории вероятностей. Работа делится на две части, первая из которых посвящена играм двух лиц, а вторая — играм п лиц. Она охватывает большинство направлений теории игр. В частности, рассмотрены антагонистические игры, игры двух лиц с ненулевой суммой и основы классической кооперативной теории. Каждая глава снабжена задачами разной степени сложности. Книга вполне доступна студентам и аспирантам университетов, технических и экономических высших учебных заведений. Она представляет интерес не только для математиков, но и для специалистов в области исследования операций, военного дела, теории управления и математической экономики.
|
| 610 |
1 |
|
|a теория
|
| 610 |
1 |
|
|a антагонистические игры
|
| 610 |
1 |
|
|a линейное программирование
|
| 610 |
1 |
|
|a бесконечные игры
|
| 610 |
1 |
|
|a многошаговые игры
|
| 610 |
1 |
|
|a полезности
|
| 610 |
1 |
|
|a игры двух лиц
|
| 610 |
1 |
|
|a математика
|
| 610 |
1 |
|
|a экономика
|
| 610 |
1 |
|
|a исследование операций
|
| 610 |
1 |
|
|a военное дело
|
| 610 |
1 |
|
|a управление
|
| 610 |
1 |
|
|a математическая экономика
|
| 610 |
1 |
|
|a учебные пособия
|
| 675 |
|
|
|a 519.83(075.8)
|v 3
|
| 700 |
|
1 |
|a Оуэн
|b Г.
|g Гильермо
|
| 702 |
|
1 |
|a Корбут
|b А. А.
|4 340
|
| 801 |
|
1 |
|a RU
|b 63413507
|c 20080704
|g PSBO
|
| 801 |
|
2 |
|a RU
|b 63413507
|c 20140414
|g PSBO
|
| 942 |
|
|
|c BK
|
| 959 |
|
|
|a 69/20080701
|d 1
|e 137,00
|f ЧЗТЛ:1
|